[Event "2BLO 1819 Erfurter SK - SC NT Nürnberg"]
[Site "?"]
[Date "2018.11.11"]
[Round "2.2"]
[White "Votava, Jan"]
[Black "Milov, Leonid"]
[Result "1/2-1/2"]
[WhiteElo "2529"]
[BlackElo "2481"]
[PlyCount "67"]
[EventDate "2018.??.??"]

1. d4 d5 2. c4 c6 3. Nf3 e6 4. e3 Bd6 5. b3 f5 6. Be2 Nf6 7. O-O Qe7 8. Bb2 O-O
9. Qc1 Nbd7 10. Ba3 Ne4 11. Bxd6 Nxd6 12. Qa3 dxc4 13. Bxc4 c5 14. Nbd2 b6 15.
Ba6 e5 16. dxe5 Nxe5 17. Rad1 Nxf3+ 18. Nxf3 Ne4 19. Bc4+ Be6 20. Qc1 Kh8 21.
Rd3 Rad8 22. Rfd1 Rxd3 23. Rxd3 Bxc4 24. bxc4 Rd8 25. Qd1 Rxd3 26. Qxd3 g6 27.
Qd5 Nc3 28. Qd2 Qf6 29. Qd7 Ne4 30. h3 Qb2 31. Qe8+ Kg7 32. Qe7+ Kg8 33. Qe8+
Kg7 34. Qe7+ 1/2-1/2

[Event "2BLO 1819 Erfurter SK - SC NT Nürnberg"]
[Site "?"]
[Date "2018.11.11"]
[Round "2.3"]
[White "Yelisieiev, Yevhenii"]
[Black "Enders, Peter"]
[Result "1/2-1/2"]
[WhiteElo "2385"]
[BlackElo "2441"]
[PlyCount "87"]
[EventDate "2018.??.??"]

1. d4 Nf6 2. Nf3 g6 3. g3 Bg7 4. Bg2 O-O 5. O-O c5 6. dxc5 Qa5 7. Be3 Ng4 8.
Bd4 e5 9. Bc3 Qxc5 10. h3 Nh6 11. Nbd2 Nc6 12. Ne4 Qe7 13. Qd6 Re8 14. Rfd1 b6
15. e3 f5 16. Qxe7 Rxe7 17. Nd6 Ba6 18. Rd2 e4 19. Nd4 Nxd4 20. Bxd4 Nf7 21.
Bxg7 Kxg7 22. a4 Nxd6 23. Rxd6 Bb7 24. a5 b5 25. Bf1 Bc6 26. Rad1 Rb8 27. h4
Rb7 28. Be2 Rf7 29. Kf1 Rf6 30. h5 Rxd6 31. Rxd6 Rb8 32. b3 Kf7 33. hxg6+ Ke7
34. Rd1 hxg6 35. Kg2 Rh8 36. b4 Ke6 37. Rb1 d5 38. Rh1 Rxh1 39. Kxh1 g5 40. Kg2
g4 41. Kf1 a6 42. Ke1 Ke5 43. Kd2 Bb7 44. Bf1 1/2-1/2

[Event "2BLO 1819 Erfurter SK - SC NT Nürnberg"]
[Site "?"]
[Date "2018.11.11"]
[Round "2.4"]
[White "Haba, Petr"]
[Black "Mischustov, Michael"]
[Result "1-0"]
[WhiteElo "2447"]
[BlackElo "2338"]
[PlyCount "125"]
[EventDate "2018.??.??"]

1. e4 e6 2. d4 d5 3. e5 b6 4. c3 Qd7 5. a4 Ba6 6. Bxa6 Nxa6 7. a5 c6 8. Ne2 Ne7
9. Nd2 b5 10. b4 O-O-O 11. Nf3 h6 12. Qd3 g6 13. Bd2 Bg7 14. O-O-O Rdf8 15. Nf4
Kb8 16. Qe2 Kc8 17. g4 Rfg8 18. h4 Bf8 19. h5 g5 20. Nd3 Kb8 21. Nh2 Nc8 22. f4
gxf4 23. Bxf4 Qd8 24. Rdf1 Rh7 25. Rf3 Be7 26. Rhf1 Qf8 27. Qe1 Kb7 28. Kc2 Ka8
29. Bg3 Rgg7 30. Bh4 Bxh4 31. Qxh4 Ne7 32. Nf4 Nc7 33. Kb3 Qe8 34. R1f2 Kb7 35.
Nf1 Na6 36. Ne3 Qd7 37. Nc2 Ng8 38. Nh3 Qe7 39. Qg3 Qd8 40. Qf4 Qe8 41. g5 Qd8
42. Rg3 Ne7 43. Ne3 c5 44. dxc5 Nc6 45. g6 d4 46. gxh7 dxe3 47. Rxe3 Rxh7 48.
Qe4 Qd1+ 49. Kb2 f5 50. Qf3 Qa4 51. Rd2 Naxb4 52. cxb4 Qxb4+ 53. Kc1 Kc7 54.
Nf4 Re7 55. Ne2 Rg7 56. Rb3 Qa4 57. Qd3 a6 58. Kb2 Kb7 59. Nc3 Qxa5 60. Nxb5
Nb4 61. Nc3 Ka7 62. Qd6 Rb7 63. c6 1-0

[Event "2BLO 1819 Erfurter SK - SC NT Nürnberg"]
[Site "?"]
[Date "2018.11.11"]
[Round "2.5"]
[White "Kirchner, Thomas"]
[Black "Machelett, Heiko"]
[Result "1/2-1/2"]
[WhiteElo "2346"]
[BlackElo "2382"]
[PlyCount "25"]
[EventDate "2018.??.??"]

1. Nf3 Nf6 2. b3 d6 3. g3 g6 4. Bb2 Bg7 5. Bg2 O-O 6. O-O e5 7. d3 Qe7 8. c4
Nbd7 9. Nc3 Re8 10. Qc2 a6 11. Rac1 Rb8 12. a4 a5 13. Nb5 {(=)} 1/2-1/2

[Event "2BLO 1819 Erfurter SK - SC NT Nürnberg"]
[Site "?"]
[Date "2018.11.11"]
[Round "2.6"]
[White "Troyke, Christian"]
[Black "Promyshlyanskiy, Vitaliy"]
[Result "1/2-1/2"]
[WhiteElo "2345"]
[BlackElo "2263"]
[PlyCount "23"]
[EventDate "2018.??.??"]

1. g3 e5 2. Bg2 Nc6 3. c4 g6 4. Nc3 Bg7 5. e3 d6 6. Nge2 f5 7. d4 Qe7 8. d5 Nd8
9. e4 Nf6 10. f3 Nf7 11. Be3 Bh6 12. Bxh6 {(=)} 1/2-1/2

[Event "2BLO 1819 Erfurter SK - SC NT Nürnberg"]
[Site "?"]
[Date "2018.11.11"]
[Round "2.7"]
[White "Walter, Florian"]
[Black "Casper, Thomas"]
[Result "1/2-1/2"]
[WhiteElo "2235"]
[BlackElo "2360"]
[PlyCount "48"]
[EventDate "2018.??.??"]

1. c4 Nf6 2. Nf3 d6 3. Nc3 e5 4. g3 g6 5. Bg2 Bg7 6. O-O O-O 7. d3 Re8 8. Rb1
a6 9. Nd2 c6 10. b4 d5 11. a4 Be6 12. b5 axb5 13. axb5 Nbd7 14. Bb2 Qc7 15. Qc2
d4 16. bxc6 bxc6 17. Nce4 Nxe4 18. Nxe4 h6 19. Ra1 f5 20. Nd2 Nc5 21. Nb3 Nxb3
22. Qxb3 Reb8 23. Rxa8 Rxa8 24. Ra1 Rxa1+ 1/2-1/2

[Event "2BLO 1819 Erfurter SK - SC NT Nürnberg"]
[Site "?"]
[Date "2018.11.11"]
[Round "2.8"]
[White "Brueggemann, Joachim"]
[Black "Heimrath, Reiner"]
[Result "0-1"]
[WhiteElo "2304"]
[BlackElo "2262"]
[PlyCount "84"]
[EventDate "2018.??.??"]

1. e4 e5 2. Nf3 Nc6 3. Bb5 f5 4. d3 fxe4 5. dxe4 Nf6 6. O-O Bc5 7. Qd3 d6 8.
Qc4 Bb6 9. Nc3 Bd7 10. Ng5 Qe7 11. Nd5 Nxd5 12. exd5 Nd8 13. Bxd7+ Qxd7 14. a4
a6 15. Be3 h6 16. Bxb6 cxb6 17. Ne4 Nf7 18. Qb4 Rc8 19. c4 O-O 20. Rac1 Qd8 21.
Qa3 Rc7 22. Qe3 Rd7 23. Rc3 Qh4 24. Re1 Ng5 25. Nxg5 hxg5 26. Qxb6 g4 27. Rg3
Rf6 28. b3 Rdf7 29. Qd8+ Rf8 30. Qd7 Rxf2 31. Qxd6 R8f5 32. Qg6 R2f4 33. d6 Rh5
34. Qxh5 Qxh5 35. Rge3 Qf5 36. Rxe5 Rf1+ 37. Rxf1 Qxe5 38. h3 gxh3 39. d7 Qd4+
40. Kh2 hxg2 41. Kxg2 Qxd7 42. Rf3 Qd4 0-1

[Event "2BLO 1819 SK König Plauen - SK Passau"]
[Site "?"]
[Date "2018.11.11"]
[Round "2.1"]
[White "Schwabeneder, Florian"]
[Black "Markowski, Tomasz"]
[Result "0-1"]
[WhiteElo "2451"]
[BlackElo "2551"]
[PlyCount "132"]
[EventDate "2018.??.??"]

1. e4 c5 2. Nf3 e6 3. b3 b6 4. d4 cxd4 5. Nxd4 a6 6. Bb2 Bb7 7. Bd3 d6 8. O-O
Nf6 9. Nd2 Nbd7 10. Qe2 e5 11. Nf5 g6 12. Ne3 Bh6 13. b4 O-O 14. c4 Re8 15. Nd5
Nh5 16. g3 Nf8 17. Nf3 Ne6 18. Bc1 Bg7 19. Be3 b5 20. Rac1 bxc4 21. Bxc4 Nf6
22. Bb6 Qb8 23. Ba5 Nxd5 24. Bxd5 Bxd5 25. exd5 Nf8 26. Rc7 Bf6 27. Rfc1 Bd8
28. Rc8 Qxc8 29. Rxc8 Rxc8 30. Qxa6 Bxa5 31. Qxa5 Nd7 32. Qa6 Nf6 33. Qxd6 Ne4
34. Qd7 Kf8 35. Ne1 Red8 36. Qg4 Nf6 37. Qg5 Kg7 38. Nd3 Rxd5 39. Nc5 h5 40. h3
Ra8 41. a4 Rb8 42. Na6 Re8 43. Qe3 e4 44. Nc5 Rd1+ 45. Kg2 h4 46. Qc3 hxg3 47.
Kxg3 Rd5 48. a5 Rde5 49. Kg2 e3 50. fxe3 Rxe3 51. Nd3 Re2+ 52. Kf3 R2e5 53. a6
Rf5+ 54. Kg2 Kh7 55. Qc4 Nd5 56. Qh4+ Rh5 57. Qd4 Rg5+ 58. Kh2 Re2+ 59. Kh1 Rf5
60. Qh4+ Kg8 61. Kg1 Ne3 62. Qd8+ Kg7 63. Qd4+ Kh7 64. Qh4+ Rh5 65. Qg3 Rd5 66.
Qh4+ Kg8 0-1

[Event "2BLO 1819 SK König Plauen - SK Passau"]
[Site "?"]
[Date "2018.11.11"]
[Round "2.2"]
[White "Kuraszkiewicz, Michael"]
[Black "Wisnet, Dominic"]
[Result "0-1"]
[WhiteElo "2323"]
[BlackElo "2288"]
[PlyCount "74"]
[EventDate "2018.??.??"]

1. d4 Nf6 2. c4 e6 3. g3 c5 4. d5 exd5 5. cxd5 d6 6. Nc3 g6 7. Bg2 Bg7 8. Nf3
O-O 9. O-O Re8 10. Bf4 Ne4 11. Nxe4 Rxe4 12. Nd2 Rxf4 13. gxf4 Bxb2 14. Rb1 Bg7
15. Re1 Nd7 16. Nc4 Nb6 17. Nxb6 axb6 18. Qb3 b5 19. Qxb5 Rxa2 20. Qb6 Qe7 21.
e3 g5 22. Qb3 Ra5 23. fxg5 Qxg5 24. f4 Qh4 25. Qc2 b5 26. Kh1 b4 27. Rg1 Bg4
28. Qe4 Kf8 29. Qc4 h5 30. Be4 Qf2 31. Rg3 Be2 32. Qc2 Ra2 33. Rg2 Rxc2 34.
Rxf2 Bd3 35. Bxd3 Rxf2 36. Kg1 Rd2 37. Be4 Bb2 0-1

[Event "2BLO 1819 SK König Plauen - SK Passau"]
[Site "?"]
[Date "2018.11.11"]
[Round "2.3"]
[White "Schmidt, Peter"]
[Black "Sandner, Gunter"]
[Result "1-0"]
[WhiteElo "2398"]
[BlackElo "2270"]
[PlyCount "57"]
[EventDate "2018.??.??"]

1. Nf3 g6 2. g3 Bg7 3. d4 c5 4. c3 cxd4 5. cxd4 d5 6. Bg2 Nc6 7. O-O Bg4 8. Ne5
Be6 9. Nxc6 bxc6 10. Nc3 Nf6 11. Bf4 Nh5 12. Be3 O-O 13. Na4 Nf6 14. Rc1 Rc8
15. Nc5 Bf5 16. Qd2 Ng4 17. Bf4 e5 18. dxe5 Nxe5 19. b3 Re8 20. Rfd1 Nd7 21.
Nb7 Qb6 22. Nd6 Rcd8 23. Nxe8 Rxe8 24. Be3 Qb5 25. Bf1 Nf6 26. Bd4 Ne4 27. Qd3
Qb8 28. Bxg7 Kxg7 29. Rxc6 1-0

[Event "2BLO 1819 SK König Plauen - SK Passau"]
[Site "?"]
[Date "2018.11.11"]
[Round "2.4"]
[White "Kunze, Carlo"]
[Black "Weiss, Christian"]
[Result "1/2-1/2"]
[WhiteElo "2252"]
[BlackElo "2378"]
[PlyCount "41"]
[EventDate "2018.??.??"]

1. d4 Nf6 2. Nf3 e6 3. Bg5 h6 4. Bh4 d6 5. e3 g5 6. Bg3 Nh5 7. Bd3 Nd7 8. c3
Bg7 9. O-O Nxg3 10. fxg3 Qe7 11. Nfd2 h5 12. Na3 g4 13. Qe2 Nf6 14. Rf2 Bd7 15.
e4 O-O-O 16. e5 dxe5 17. Qxe5 Ne8 18. Qe2 Nd6 19. Nac4 Nxc4 20. Bxc4 Kb8 21.
Raf1 {(=)} 1/2-1/2

[Event "2BLO 1819 SK König Plauen - SK Passau"]
[Site "?"]
[Date "2018.11.11"]
[Round "2.5"]
[White "Testor, Sebastian"]
[Black "Pfretzschner, Roland"]
[Result "1/2-1/2"]
[WhiteElo "2291"]
[BlackElo "2230"]
[PlyCount "34"]
[EventDate "2018.??.??"]

1. d4 Nf6 2. Nf3 g6 3. c4 c5 4. g3 cxd4 5. Nxd4 Nc6 6. Bg2 Qb6 7. Nb3 d6 8. Nc3
Bg7 9. O-O O-O 10. Be3 Qd8 11. Rc1 Be6 12. Nd4 Bd7 13. h3 Qa5 14. Nd5 Nxd5 15.
cxd5 Nxd4 16. Bxd4 Bxd4 17. Qxd4 Rfc8 {(=)} 1/2-1/2

[Event "2BLO 1819 SK König Plauen - SK Passau"]
[Site "?"]
[Date "2018.11.11"]
[Round "2.6"]
[White "Hoerr, Matthias"]
[Black "Hiermann, Dietmar"]
[Result "0-1"]
[WhiteElo "2191"]
[BlackElo "2234"]
[PlyCount "84"]
[EventDate "2018.??.??"]

1. Nf3 d5 2. c4 e6 3. b3 Be7 4. Bb2 Bf6 5. Bxf6 Nxf6 6. g3 c5 7. Bg2 Nc6 8. e3
O-O 9. O-O b6 10. Qe2 Bb7 11. Rd1 Qc7 12. Nc3 Rad8 13. cxd5 Nxd5 14. Nxd5 Rxd5
15. Rac1 Qb8 16. Ne1 Rd6 17. f4 Rfd8 18. d3 a5 19. a3 h6 20. Qc2 e5 21. Rd2
exf4 22. gxf4 Re8 23. e4 Rf6 24. f5 Nd4 25. Qb2 Rd8 26. b4 cxb4 27. axb4 a4 28.
Rcd1 Ba6 29. Rf2 Qe5 30. Kh1 Rfd6 31. Qa3 Bb5 32. Bf1 f6 33. Nf3 Nxf3 34. Rxf3
Rd4 35. Qa2+ Kf8 36. Qg2 Rxb4 37. Rg3 Rb2 38. Be2 Qc7 39. Rg1 Rd7 40. Qf3 a3
41. Qh5 a2 42. e5 Qxe5 0-1

[Event "2BLO 1819 SK König Plauen - SK Passau"]
[Site "?"]
[Date "2018.11.11"]
[Round "2.7"]
[White "Pflug, Matthias"]
[Black "Zaehringer, Daniel"]
[Result "1/2-1/2"]
[WhiteElo "2260"]
[BlackElo "2136"]
[PlyCount "41"]
[EventDate "2018.??.??"]

1. e4 e5 2. d4 exd4 3. Nf3 Bb4+ 4. Bd2 Bxd2+ 5. Nbxd2 Nc6 6. Nb3 d6 7. Nfxd4
Nxd4 8. Nxd4 Nf6 9. Bd3 O-O 10. O-O Re8 11. Re1 Nd7 12. c4 a6 13. Qd2 Qf6 14.
Bf1 Nc5 15. f3 Bd7 16. Rac1 Rad8 17. Red1 Qe5 18. Re1 Qf6 19. Red1 Ne6 20. Ne2
Bc8 21. Qc3 {(=)} 1/2-1/2

[Event "2BLO 1819 SK König Plauen - SK Passau"]
[Site "?"]
[Date "2018.11.11"]
[Round "2.8"]
[White "Burian, Simon"]
[Black "Hellmayr, Alois"]
[Result "1-0"]
[WhiteElo "2060"]
[BlackElo "2268"]
[PlyCount "81"]
[EventDate "2018.??.??"]

1. e4 c5 2. Nf3 e6 3. d4 cxd4 4. Nxd4 a6 5. c4 Nf6 6. Nc3 Qc7 7. Be3 b6 8. Be2
Bb7 9. f3 d6 10. Qd2 Nbd7 11. Rc1 Be7 12. O-O O-O 13. Rfd1 Rac8 14. a3 Rfe8 15.
b4 Qb8 16. Nb3 Bd8 17. g3 Bc7 18. Bf4 Ne5 19. Bxe5 dxe5 20. Qe3 Red8 21. Kg2 h6
22. c5 bxc5 23. Nxc5 a5 24. b5 Bd6 25. N3a4 Qa7 26. b6 Qa8 27. Qb3 Kh7 28. Nxb7
Qxb7 29. Rxc8 Qxc8 30. b7 Qb8 31. Nc5 a4 32. Qb1 Qa7 33. Rxd6 Rxd6 34. b8=Q
Qxc5 35. Q8b4 Qc6 36. Qb5 Qc3 37. Q1b4 Qc7 38. Qxe5 Ne8 39. Qec5 Rc6 40. Qe7
Qc8 41. Qbb7 1-0

[Event "2BLO 1819 TSV Bindlach Aktionär - SK P"]
[Site "?"]
[Date "2018.12.15"]
[Round "3.1"]
[White "Schwabeneder, Florian"]
[Black "Kriebel, Tadeas"]
[Result "1-0"]
[WhiteElo "2455"]
[BlackElo "2517"]
[PlyCount "119"]
[EventDate "2018.??.??"]

1. e4 e5 2. Nf3 Nc6 3. g3 Nf6 4. d3 Be7 5. Bg2 O-O 6. O-O d6 7. Nc3 h6 8. h3
Be6 9. d4 exd4 10. Nxd4 Nxd4 11. Qxd4 Nd7 12. Nd5 Bxd5 13. Qxd5 c6 14. Qd1 f5
15. exf5 Rxf5 16. c4 Qf8 17. Be3 Qf7 18. b3 a6 19. Qd2 Re8 20. Rae1 Bf8 21. Bd4
Be7 22. f4 Bf6 23. Bf2 Be7 24. Be4 Rf6 25. Bd4 Re6 26. f5 Re5 27. Bxe5 Nxe5 28.
f6 Bf8 29. fxg7 Qxg7 30. Kh2 Be7 31. Qd1 Kh8 32. Qh5 Rg8 33. Rg1 Bg5 34. Ref1
Rd8 35. Rd1 Be3 36. Rg2 Bc5 37. Rf1 d5 38. cxd5 cxd5 39. Rf5 Bd4 40. Bc2 Rg8
41. Kh1 Rf8 42. Rxf8+ Qxf8 43. Qf5 Qxf5 44. Bxf5 Be3 45. Rc2 Kg7 46. Bc8 b5 47.
Bxa6 b4 48. Kg2 d4 49. Rc5 Kf6 50. Rd5 Kf5 51. Bd3+ Ke6 52. Bc4 Kf5 53. Rd8 Ke4
54. Re8 Bd2 55. Kf1 Bc3 56. Ke2 Kf5 57. Bd3+ Kf6 58. Ra8 Nf7 59. Ra6+ Kg7 60.
h4 1-0

[Event "2BLO 1819 TSV Bindlach Aktionär - SK P"]
[Site "?"]
[Date "2018.12.15"]
[Round "3.2"]
[White "Petr, Martin"]
[Black "Suran, Jan"]
[Result "1-0"]
[WhiteElo "2448"]
[BlackElo "2409"]
[PlyCount "129"]
[EventDate "2018.??.??"]

1. e4 g6 2. d4 Bg7 3. Nc3 d5 4. exd5 Nf6 5. Bb5+ Nbd7 6. Nf3 O-O 7. O-O Nb6 8.
h3 Nbxd5 9. Nxd5 Qxd5 10. c4 Qd8 11. Bf4 Bd7 12. Bxd7 Qxd7 13. Qb3 c6 14. Rad1
e6 15. c5 Rfd8 16. Ne5 Qe7 17. Nc4 Ne8 18. Qe3 Rd5 19. Rd2 Rad8 20. Rfd1 R8d7
21. Be5 Qd8 22. Qe2 Bxe5 23. dxe5 Rxd2 24. Rxd2 Rxd2 25. Qxd2 Qxd2 26. Nxd2 Nc7
27. a3 b6 28. Ne4 Kf8 29. Nf6 bxc5 30. Nxh7+ Ke7 31. Nf6 Nd5 32. Ne4 c4 33. g3
Nb6 34. Nd2 f6 35. f4 fxe5 36. fxe5 g5 37. Kf2 Kf7 38. Kf3 Kg6 39. Kg4 a5 40.
h4 gxh4 41. gxh4 a4 42. h5+ Kh6 43. Kh4 c3 44. bxc3 Nd5 45. Ne4 Ne3 46. Nc5 Nc4
47. Nxa4 Nxa3 48. Nc5 Nc4 49. Nxe6 Nxe5 50. Nd4 c5 51. Nf5+ Kh7 52. Kg5 Nd7 53.
Nd6 Ne5 54. Nf5 Nd7 55. Ng3 c4 56. Ne4 Ne5 57. Nf6+ Kg7 58. h6+ Kf7 59. Kf5 Nf3
60. Ng4 Kg8 61. Ne5 Nh4+ 62. Kg5 Ng2 63. Nxc4 Kh7 64. Ne5 Ne3 65. c4 1-0

[Event "2BLO 1819 TSV Bindlach Aktionär - SK P"]
[Site "?"]
[Date "2018.12.15"]
[Round "3.3"]
[White "Wisnet, Dominic"]
[Black "Cech, Pavel"]
[Result "1/2-1/2"]
[WhiteElo "2295"]
[BlackElo "2327"]
[PlyCount "104"]
[EventDate "2018.??.??"]

1. d4 d5 2. Nf3 Nf6 3. Bf4 e6 4. e3 Bd6 5. Ne5 c5 6. Bb5+ Ke7 7. Be2 Nc6 8. c3
Qc7 9. Nd3 c4 10. Bxd6+ Qxd6 11. Nf4 b5 12. Nd2 b4 13. Qc2 Bd7 14. Nh5 bxc3 15.
Qxc3 Qb4 16. Nxf6 gxf6 17. Qc2 f5 18. a3 Qb6 19. b3 cxb3 20. Nxb3 Rab8 21. Rb1
Na5 22. Nd2 Qc6 23. Qa2 Rxb1+ 24. Qxb1 Qc3 25. Qb4+ Qxb4 26. axb4 Nb7 27. O-O
Nd6 28. Ra1 Rb8 29. Rxa7 Rxb4 30. Bd3 Rb2 31. Nf3 f6 32. g3 Ne4 33. Bxe4 fxe4
34. Nh4 Rb1+ 35. Kg2 Kd6 36. Ra6+ Ke7 37. g4 e5 38. dxe5 fxe5 39. Nf5+ Bxf5 40.
gxf5 d4 41. Re6+ Kf7 42. Rxe5 d3 43. Rd5 Kf6 44. Kg3 Rf1 45. h4 h5 46. Kg2 Re1
47. Kg3 Rg1+ 48. Kh2 Rg8 49. Kh3 Rg4 50. Ra5 Rg1 51. Rd5 Rg4 52. Ra5 Rg1
1/2-1/2

[Event "2BLO 1819 TSV Bindlach Aktionär - SK P"]
[Site "?"]
[Date "2018.12.15"]
[Round "3.4"]
[White "Wall, Gavin"]
[Black "Weiss, Christian"]
[Result "0-1"]
[WhiteElo "2335"]
[BlackElo "2371"]
[PlyCount "126"]
[EventDate "2018.??.??"]

1. e4 c5 2. Nf3 e6 3. b3 a6 4. Bb2 Nc6 5. g3 d6 6. Bg2 Nf6 7. e5 dxe5 8. Nxe5
Nxe5 9. Bxe5 Bd6 10. Qe2 Bxe5 11. Qxe5 Qd4 12. Qxd4 cxd4 13. Na3 Ke7 14. Nc4
Rb8 15. Ne5 Rd8 16. O-O-O Nd7 17. Nf3 Nc5 18. Rde1 f6 19. Nh4 g5 20. Nf3 a5 21.
g4 h5 22. gxh5 b6 23. Rhg1 e5 24. Bf1 Bb7 25. Nxe5 fxe5 26. Rxe5+ Kd6 27. Rexg5
Ne6 28. Rg6 Be4 29. R6g4 Bf5 30. Rh4 Rbc8 31. d3 Rf8 32. Rg3 Bh7 33. f3 Rc7 34.
Kd1 Rf4 35. Rhg4 Rcf7 36. Be2 R4f5 37. Rh4 Nf4 38. Rgg4 Ke5 39. h6 R5f6 40.
Rg5+ Kd6 41. Kd2 Ne6 42. Rgg4 Bf5 43. Rg2 Rh7 44. c3 Rfxh6 45. Rxh6 Rxh6 46.
cxd4 Nf4 47. Rf2 Rh4 48. Bf1 Be6 49. Be2 b5 50. Kc3 Kd5 51. Bf1 b4+ 52. Kb2
Kxd4 53. Rc2 Nxd3+ 54. Ka1 Rh5 55. Rd2 Bf5 56. Bxd3 Bxd3 57. Kb2 Ke3 58. Rg2
Bf1 59. Rc2 Rh3 60. a3 Bd3 61. Rg2 Kxf3 62. Rd2 Ke3 63. Kc1 Rf3 0-1

[Event "2BLO 1819 TSV Bindlach Aktionär - SK P"]
[Site "?"]
[Date "2018.12.15"]
[Round "3.5"]
[White "Testor, Sebastian"]
[Black "Krensing, Jan"]
[Result "1-0"]
[WhiteElo "2289"]
[BlackElo "2356"]
[PlyCount "55"]
[EventDate "2018.??.??"]

1. d4 Nf6 2. Nf3 e6 3. c4 b6 4. g3 Bb7 5. Bg2 g6 6. Nc3 Ne4 7. d5 Nxc3 8. Qd4
f6 9. Qxc3 Bg7 10. O-O O-O 11. Rd1 f5 12. Qc2 Na6 13. Rb1 exd5 14. cxd5 Nc5 15.
Be3 Ne4 16. Nd2 Bxd5 17. Nxe4 Bxe4 18. Bxe4 fxe4 19. Qxe4 Rf7 20. Rbc1 Bxb2 21.
Rxc7 Qxc7 22. Qxa8+ Kg7 23. Qd5 Qc6 24. Qb3 Be5 25. Bh6+ Kg8 26. Rc1 Qb7 27.
Qd5 d6 28. Qe6 1-0

[Event "2BLO 1819 TSV Bindlach Aktionär - SK P"]
[Site "?"]
[Date "2018.12.15"]
[Round "3.6"]
[White "Wetscherek, Andreas"]
[Black "Hellmayr, Alois"]
[Result "1/2-1/2"]
[WhiteElo "2337"]
[BlackElo "2263"]
[PlyCount "151"]
[EventDate "2018.??.??"]

1. e4 c5 2. Nf3 Nc6 3. d4 cxd4 4. Nxd4 e6 5. c4 Nf6 6. Nc3 Bb4 7. Nxc6 dxc6 8.
Qxd8+ Kxd8 9. f3 e5 10. Bg5 Bxc3+ 11. bxc3 c5 12. O-O-O+ Kc7 13. Be2 Be6 14.
Rd2 h6 15. Bh4 Rad8 16. Rhd1 Rxd2 17. Rxd2 Nd7 18. a4 b6 19. Be7 Re8 20. Bd6+
Kc6 21. f4 f6 22. Bh5 Rg8 23. g3 Bxc4 24. Bg4 Re8 25. Bxd7+ Kxd7 26. fxe5 Ke6
27. exf6 gxf6 28. Bf4 h5 29. Rd6+ Kf7 30. Rd7+ Re7 31. Rxe7+ Kxe7 32. Bb8 Bb3
33. Bxa7 Bxa4 34. Bxb6 c4 35. Kd2 Ke6 36. Bc7 f5 37. e5 Bb3 38. Ke3 Bd1 39. Kf4
Be2 40. Ke3 Bf1 41. Kd4 Be2 42. Bd8 Bf1 43. Bg5 Be2 44. Bf4 Bf1 45. Ke3 Kd5 46.
Kf2 Bh3 47. Ke2 Ke6 48. Ke3 Kd5 49. Kd2 Bg2 50. Kc2 Bf3 51. Kb2 Be2 52. Ka3 Bd3
53. Kb4 Be2 54. Kb5 Bd3 55. Kb6 Ke6 56. Kc7 Bc2 57. Kc6 Bd3 58. Kc5 Bf1 59. Kd4
Be2 60. Bc1 Bf1 61. Ba3 Be2 62. Bd6 Bf1 63. Ke3 Bd3 64. Kf4 Be2 65. Kg5 Bd1 66.
Bb8 Be2 67. Kf4 Bf1 68. Ba7 Bd3 69. Bd4 Be2 70. Bf2 Bf1 71. Be3 Be2 72. Bd2 Bd1
73. h3 Be2 74. Be3 Bf1 75. g4 fxg4 76. hxg4 1/2-1/2

[Event "2BLO 1819 TSV Bindlach Aktionär - SK P"]
[Site "?"]
[Date "2018.12.15"]
[Round "3.7"]
[White "Mostbauer, Florian"]
[Black "Kukel, Imre"]
[Result "1/2-1/2"]
[WhiteElo "2341"]
[BlackElo "2273"]
[PlyCount "149"]
[EventDate "2018.??.??"]

1. d4 Nf6 2. Bf4 g6 3. e3 d6 4. Be2 Bg7 5. h3 O-O 6. Nf3 c5 7. Nbd2 Nc6 8. c3
cxd4 9. exd4 e5 10. dxe5 dxe5 11. Nxe5 Nd5 12. Nxc6 bxc6 13. Bh2 Re8 14. O-O
Bxc3 15. Bc4 Bxb2 16. Rb1 Bf6 17. Qf3 Nc3 18. Rbc1 Qd4 19. Bf4 Be6 20. Be3 Qd8
21. Bxe6 Rxe6 22. Nb3 Qd5 23. Qxd5 cxd5 24. Rc2 Re4 25. Rfc1 Rc4 26. Kf1 Rac8
27. Bxa7 Nb5 28. Rxc4 Rxc4 29. Be3 Nc3 30. Rc2 Kf8 31. Bd2 Nb1 32. Rxc4 dxc4
33. Bb4+ Ke8 34. Nc1 Kd7 35. Ke2 Kc6 36. Kd1 Kb5 37. Bf8 Nc3+ 38. Kc2 Ne4 39.
f3 Ng3 40. Kd1 c3 41. Nd3 Kc4 42. Ne1 Bg5 43. Nc2 f5 44. Bg7 f4 45. Bd4 Nf5 46.
Bf2 Bh4 47. Ba7 Be7 48. Bf2 Bd6 49. Ke2 Ne7 50. Bh4 Nd5 51. Bg5 Nb4 52. Nxb4
Bxb4 53. Bxf4 Ba3 54. h4 c2 55. h5 Kc3 56. hxg6 hxg6 57. Bd2+ Kc4 58. f4 Kd5
59. g4 c1=Q 60. Bxc1 Bxc1 61. f5 g5 62. a4 Ba3 63. a5 Kc6 64. Kd3 Kb5 65. Ke4
Kxa5 66. f6 Kb6 67. Kf5 Kc7 68. Kxg5 Kd7 69. Kg6 Bf8 70. Kf7 Bh6 71. Kg8 Ke6
72. f7 Kf6 73. Kh7 Bf8 74. Kg8 Bc5 75. g5+ 1/2-1/2

[Event "2BLO 1819 TSV Bindlach Aktionär - SK P"]
[Site "?"]
[Date "2018.12.15"]
[Round "3.8"]
[White "Loew, Gerald"]
[Black "Linhart, Wolfgang"]
[Result "1/2-1/2"]
[WhiteElo "2147"]
[BlackElo "2154"]
[PlyCount "51"]
[EventDate "2018.??.??"]

1. c4 e5 2. Nc3 Nf6 3. Nf3 Nc6 4. e3 Be7 5. a3 a5 6. Qc2 O-O 7. Be2 Re8 8. O-O
Bf8 9. b3 d6 10. d3 Bf5 11. Bb2 h6 12. Nd5 Nxd5 13. cxd5 Ne7 14. e4 Bh7 15. b4
c6 16. dxc6 bxc6 17. d4 exd4 18. Nxd4 axb4 19. axb4 Qb6 20. Bd3 d5 21. exd5
Bxd3 22. Qxd3 Nxd5 23. b5 cxb5 24. Rxa8 Rxa8 25. Nxb5 Qa5 26. Nc3 1/2-1/2

[Event "2BLO 1819 Nickelhütte Aue - SC NT Nür"]
[Site "?"]
[Date "2018.12.15"]
[Round "3.1"]
[White "Maximov, Dmitry"]
[Black "Papp, Gabor"]
[Result "1/2-1/2"]
[WhiteElo "2480"]
[BlackElo "2603"]
[PlyCount "117"]
[EventDate "2018.??.??"]

1. e4 c5 2. Nf3 d6 3. g3 Nf6 4. d3 Nc6 5. Bg2 g6 6. O-O Bg7 7. Nh4 d5 8. Nc3
dxe4 9. Nxe4 Nxe4 10. dxe4 O-O 11. c3 Ne5 12. Bg5 Qc7 13. Qe2 Bg4 14. Qc2 Rad8
15. Bf4 Rd7 16. Kh1 Rfd8 17. Nf3 Rd3 18. Nxe5 Bxe5 19. Be3 Bg7 20. Rfe1 b6 21.
Kg1 Qd7 22. Bf1 c4 23. Bg2 h5 24. f3 Bh3 25. a4 Kh7 26. Bxh3 Qxh3 27. Qg2 Qd7
28. Qf2 Bh6 29. Bd4 f6 30. e5 fxe5 31. Bxe5 Rf8 32. f4 g5 33. Qe2 gxf4 34. Qe4+
Qf5 35. Bxf4 Bxf4 36. Qxf5+ Rxf5 37. Rxe7+ Kg6 38. gxf4 Rxf4 39. Rae1 Rd2 40.
R1e2 Rxe2 41. Rxe2 Kf6 42. Re8 Rf5 43. Re4 Rd5 44. Rxc4 Rd1+ 45. Kf2 Rd2+ 46.
Kg3 Rxb2 47. a5 bxa5 48. Rc5 h4+ 49. Kxh4 Rxh2+ 50. Kg3 Ra2 51. Kf4 Ke6 52. Ke4
Kd6 53. Kd4 Ra4+ 54. c4 Ra3 55. Rh5 a4 56. Ra5 Ra1 57. Rxa7 a3 58. Ra6+ Kc7 59.
Kc3 1/2-1/2

[Event "2BLO 1819 Nickelhütte Aue - SC NT Nür"]
[Site "?"]
[Date "2018.12.15"]
[Round "3.2"]
[White "Antal, Gergely"]
[Black "Milov, Leonid"]
[Result "1/2-1/2"]
[WhiteElo "2553"]
[BlackElo "2463"]
[PlyCount "91"]
[EventDate "2018.??.??"]

1. e4 d5 2. exd5 Qxd5 3. Nc3 Qa5 4. d4 Nf6 5. Nf3 Bf5 6. Bc4 e6 7. Bd2 Bb4 8.
a3 Bxc3 9. Bxc3 Qb6 10. d5 Nbd7 11. O-O O-O-O 12. Bd4 c5 13. dxc6 Qxc6 14. Qe2
Kb8 15. Rfd1 Ka8 16. Bxf6 Nxf6 17. Nd4 Qe4 18. Qxe4 Bxe4 19. f3 Bg6 20. Bb3 a6
21. Ne2 h6 22. Kf2 Kb8 23. h4 Bh7 24. g4 Nd7 25. Rd4 Nc5 26. Rad1 Rxd4 27. Rxd4
Rc8 28. Nc3 Kc7 29. Rf4 f6 30. g5 hxg5 31. hxg5 Nxb3 32. cxb3 Bf5 33. gxf6 gxf6
34. Nd5+ Kd6 35. Ne3 Rc1 36. Rb4 b5 37. Nxf5+ exf5 38. Ke3 Ke5 39. a4 Rc5 40.
Rd4 Rc2 41. f4+ Ke6 42. Kd3 Rxb2 43. Kc3 Re2 44. axb5 axb5 45. Kd3 Re1 46. Kd2
1/2-1/2

[Event "2BLO 1819 Nickelhütte Aue - SC NT Nür"]
[Site "?"]
[Date "2018.12.15"]
[Round "3.3"]
[White "Yelisieiev, Yevhenii"]
[Black "Meijers, Viesturs"]
[Result "1-0"]
[WhiteElo "2389"]
[BlackElo "2437"]
[PlyCount "91"]
[EventDate "2018.??.??"]

1. d4 Nf6 2. c4 e6 3. Nc3 Bb4 4. e3 b6 5. Nge2 Bb7 6. a3 Bxc3+ 7. Nxc3 O-O 8.
Bd3 d5 9. O-O dxc4 10. Bxc4 Nbd7 11. Qe2 c5 12. dxc5 Nxc5 13. b4 Nce4 14. Nxe4
Nxe4 15. Bb2 Qd2 16. Rfd1 Qxe2 17. Bxe2 Rfd8 18. f3 Nd6 19. Be5 Ne8 20. Rxd8
Rxd8 21. Rd1 Rxd1+ 22. Bxd1 f6 23. Bb8 a6 24. a4 b5 25. axb5 axb5 26. Bc2 Kf7
27. Kf2 g6 28. Bd3 Bc6 29. e4 Ke7 30. e5 fxe5 31. Bxe5 Nf6 32. Bd4 Nd7 33. Kg3
e5 34. Be3 Ke6 35. Kh4 Nf6 36. Kg5 e4 37. Bc2 exf3 38. gxf3 Nd5 39. Bd2 Ke5 40.
Kh6 Nf4 41. Kxh7 Bxf3 42. h4 Be2 43. Kh6 Bh5 44. Bb1 Ng2 45. Kg5 Kd4 46. Bc2
1-0